000 00746nam a2200205 a 4500
001 000042648
005 20240510073820.0
008 140203s2006 dr a 001 0 spa d
040 _aDO-SdBNP
_bspa
_cBNPHU
082 _a248.4
_bG643c
100 1 _aGonzález de Peña, Rafael
_925946
245 1 3 _aLa clave de la felicidad :
_bdescubra cinco principios para encontrar su felicidad /
_cRafael González de Peña.
260 _aSanto Domingo :
_bSeveral solutions,
_c2006.
300 _a139 p. :
_bil. ;
_c22 cm.
500 _aIncluye datos biográficos del autor en las solapa de la cubierta.
590 _aInventariado, 2018/BT
650 4 _aEvangelización
_9476
650 0 _aVida cristiana
_9668
910 _aValidado. Control de calidad. EMS
999 _c42137
_d42137